Online Catalogue and eLibrary

Changing the subject : (Record no. 737)

MARC details
000 -LEADER
fixed length control field 00442nam a2200169Ia 4500
005 - DATE AND TIME OF LATEST TRANSACTION
control field 20240703015557.0
008 - FIXED-LENGTH DATA ELEMENTS--GENERAL INFORMATION
fixed length control field 240331s9999 xx 000 0 und d
020 ## - INTERNATIONAL STANDARD BOOK NUMBER
ISBN 0415151384
082 ## - DDC Classification
Class No. 150
Item Number - Author Mark CHA
100 ## - MAIN ENTRY--PERSONAL NAME
Personal name Henriques, J
245 #0 - TITLE STATEMENT
Title Changing the subject :
Remainder of title psychology, social regulation and subjectivity
260 ## - PUBLICATION, DISTRIBUTION, ETC.
Place of publication, distribution, etc. New York
Name of publisher, distributor, etc. Routledge
Date of publication, distribution, etc. 1998
300 ## - PHYSICAL DESCRIPTION
Extent (e.g. Volumes, Pages etc.) xix, 352 p .,
650 ## - SUBJECT ADDED ENTRY--TOPICAL TERM
Topical term or geographic name entry element Psychology
650 ## - SUBJECT ADDED ENTRY--TOPICAL TERM
Topical term or geographic name entry element Social
942 ## - Koha item type (Biblio)
Koha item type Books in Stacks (Lending)
Holdings
Lost status Damaged status Collection code Home library Current library Shelving location Date acquired Full call number Accession Number Item type
    Lending WERC Library WERC Library Social Science Cupboard 03/31/2024 150 CHA 2700 Books in Stacks (Lending)

© WERC Library